A manifesto for theological interpretation / (Registro nro. 26072)

Detalles MARC
000 -LEADER
campo de control de longitud fija 03753cam a22005894i 4500
003 - IDENTIFICADOR DE NÚMERO DE CONTROL
campo de control PE-LiUPU
005 - FECHA Y HORA DE LA ÚLTIMA TRANSACCIÓN
campo de control 20250731173035.0
008 - DATOS DE LONGITUD FIJA--INFORMACIÓN GENERAL
campo de control de longitud fija 151221s2016 miu rb 001 0 eng
020 ## - NÚMERO INTERNACIONAL ESTÁNDAR DEL LIBRO
Número Internacional Estándar del Libro 0801030870
020 ## - NÚMERO INTERNACIONAL ESTÁNDAR DEL LIBRO
Número Internacional Estándar del Libro 9780801030871
035 ## - NÚMERO DE CONTROL DEL SISTEMA
Número de control de sistema (Sirsi) i9780801030871
035 ## - NÚMERO DE CONTROL DEL SISTEMA
Número de control de sistema (OCoLC)913557661
Número de control cancelado/no válido (OCoLC)965433154
040 ## - FUENTE DE CATALOGACIÓN
Centro catalogador/agencia de origen DLC
Lengua de catalogación espa
Normas de descripción rda
Centro/agencia transcriptor DLC
Centro/agencia modificador YDX
-- YDXCP
-- BDX
-- BTCTA
-- OCLCF
-- BUT
-- NVS
-- CDX
-- ZCU
-- CHVBK
-- NZABT
-- OCLCO
-- PE-LiUPU
049 ## - FONDOS LOCALES (OCLC)
Biblioteca depositaria PRUA
050 00 - SIGNATURA TOPOGRÁFICA DE LA BIBLIOTECA DEL CONGRESO
Número de clasificación BS531
Número de ítem .M34 2016
082 00 - NÚMERO DE LA CLASIFICACIÓN DECIMAL DEWEY
Número de clasificación 220.601
Cutter M2
Número de edición 23
245 02 - MENCIÓN DEL TÍTULO
Título A manifesto for theological interpretation /
Mención de responsabilidad, etc. Craig G. Bartholomew, Heath A. Thomas.
264 #1 - PRODUCCIÓN, PUBLICACIÓN, DISTRIBUCIÓN, FABRICACIÓN Y COPYRIGHT
Producción, publicación, distribución, fabricación y copyright Grand Rapids, Michigan :
Nombre del de productor, editor, distribuidor, fabricante Baker Academic, a division of Baker Publishing Group,
Fecha de producción, publicación, distribución, fabricación o copyright [2016]
300 ## - DESCRIPCIÓN FÍSICA
Extensión xi, 292 páginas ;
Dimensiones 23 centímetros
336 ## - TIPO DE CONTENIDO
Término de tipo de contenido text
Fuente rdacontent
337 ## - TIPO DE MEDIO
Nombre/término del tipo de medio unmediated
Fuente rdamedia
338 ## - TIPO DE SOPORTE
Nombre/término del tipo de soporte volume
Fuente rdacarrie
504 ## - NOTA DE BIBLIOGRAFÍA, ETC.
Nota de bibliografía, etc. Bibliografía al pie de página.
504 ## - NOTA DE BIBLIOGRAFÍA, ETC.
Nota de bibliografía, etc. Índices : páginas 279-292.
505 00 - NOTA DE CONTENIDO CON FORMATO
Título History and reemergence of theological interpretation /
Mención de responsabilidad Angus Paddison --
Título Doctrine of scripture and theological interpretation /
Mención de responsabilidad Michael W. Goheen and
-- Michael D. Williams --
Título Ecclesia as primary context for the reception of the Bible /
Mención de responsabilidad Robby Holt and
-- Aubrey Spears --
Título Theological interpretation and historical criticism /
Mención de responsabilidad Murray Rae --
Título Role of hermeneutics and philosophy in theological interpretation /
Mención de responsabilidad William P. Olhausen --
Título Canon and theological interpretation /
Mención de responsabilidad Stephen G. Dempster --
Título Biblical theology and theological interpretation /
Mención de responsabilidad David J.H. Beldman and
-- Jonathan Swales --
Título Mission and theological interpretation /
Mención de responsabilidad Michael W. Goheen and
-- Christopher J.H. Wright --
Título Telos (Goal) of theological interpretation /
Mención de responsabilidad Heath A. Thomas --
Título Framework for theological interpretation /
Mención de responsabilidad Denis Farkasfalvy --
Título Theological commentary /
Mención de responsabilidad Mark Gignilliat and
-- Jonathan T. Pennington --
Título Theological interpretation for all of life /
Mención de responsabilidad Craig G. Batholomew and
-- Matthew Y. Emerson.
520 ## - RESUMEN, ETC.
Sumario, etc. Recent decades have witnessed a renaissance of theological interpretation. Craig Bartholomew, coauthor of the bestselling The Drama of Scripture, and Heath Thomas bring together a team of specialists to articulate a multifaceted vision for returning rigorous biblical interpretation to the context of the church. Developed by the internationally recognized Scripture and Hermeneutics Seminar, this book is designed to bring clarity and unity to the enterprise of theological interpretation. It positively integrates multiple approaches to interpreting the Bible, combining academic rigor with pastoral sensitivity for professors, students, and church leaders.
526 ## - NOTA DE INFORMACIÓN SOBRE EL PROGRAMA DE ESTUDIO
Nombre del programa Segunda Especialidad En Profecías Bíblicas
526 ## - NOTA DE INFORMACIÓN SOBRE EL PROGRAMA DE ESTUDIO
Nombre del programa Segunda Especialidad En Nuevo Testamento
526 ## - NOTA DE INFORMACIÓN SOBRE EL PROGRAMA DE ESTUDIO
Nombre del programa Segunda Especialidad En Antiguo Testamento
526 ## - NOTA DE INFORMACIÓN SOBRE EL PROGRAMA DE ESTUDIO
Nombre del programa Segunda Especialidad En Estudios Adventistas
526 ## - NOTA DE INFORMACIÓN SOBRE EL PROGRAMA DE ESTUDIO
Nombre del programa Doctorado en teología
526 ## - NOTA DE INFORMACIÓN SOBRE EL PROGRAMA DE ESTUDIO
Nombre del programa Maestría en teología histórica
526 ## - NOTA DE INFORMACIÓN SOBRE EL PROGRAMA DE ESTUDIO
Nombre del programa Maestría en teología bíblica
526 ## - NOTA DE INFORMACIÓN SOBRE EL PROGRAMA DE ESTUDIO
Nombre del programa Maestría en teología
526 ## - NOTA DE INFORMACIÓN SOBRE EL PROGRAMA DE ESTUDIO
Nombre del programa Maestría en misionología
526 ## - NOTA DE INFORMACIÓN SOBRE EL PROGRAMA DE ESTUDIO
Nombre del programa Maestría en liderazgo eclesiástico
526 ## - NOTA DE INFORMACIÓN SOBRE EL PROGRAMA DE ESTUDIO
Nombre del programa Teología
596 ## -
-- 1
630 00 - PUNTO DE ACCESO ADICIONAL DE MATERIA--TÍTULO UNIFORME
Título uniforme Bible
Subdivisión general Criticism, interpretation, etc.
630 00 - PUNTO DE ACCESO ADICIONAL DE MATERIA--TÍTULO UNIFORME
Título uniforme Biblia
Subdivisión general Crítica, interpretación, etc.
650 #7 - PUNTO DE ACCESO ADICIONAL DE MATERIA--TÉRMINO DE MATERIA
Término de materia o nombre geográfico como elemento de entrada Teología.
650 #7 - PUNTO DE ACCESO ADICIONAL DE MATERIA--TÉRMINO DE MATERIA
Término de materia o nombre geográfico como elemento de entrada Theologie
Fuente del encabezamiento o término gnd
Número de control del registro de autoridad o número normalizado (DE-588)4059758-1
655 #4 - TERMINO DE INDIZACIÓN--GENERO/FORMA
Datos o término principal de género/forma Crítica, interpretación, etc.
655 #4 - TERMINO DE INDIZACIÓN--GENERO/FORMA
Datos o término principal de género/forma Criticism, interpretation, etc.
700 1# - ENTRADA AGREGADA--NOMBRE PERSONAL
Nombre de persona Bartholomew, Craig G.,
Fechas asociadas al nombre 1961- ,
Término indicativo de función/relación editor.
910 ## - DATOS DE OPCIÓN DEL USUARIO (OCLC)
Datos de opción del usuario dbm
-- ebj
-- ebj
-- 20171211
942 ## - ELEMENTOS DE ENTRADA SECUNDARIOS (KOHA)
Fuente del sistema de clasificación o colocación Clasificación Decimal Dewey
Tipo de ítem Koha
949 ## - PROCESAMIENTO DE INFORMACIÓN LOCAL (OCLC)
a 220.601 M2
w DEWEY
c 1
i 77230
l CATALOGING
m BUL
p 18.80
r 0
s Y
t BOOK
u 2017-12-11
x POSGRADO
-- P85
0 DONACION
o .STAFF. Colección Teología.
994 ## -
-- C0
-- PEPRU
999 ## - NÚMEROS DE CONTROL DE SISTEMA (KOHA)
-- DEWEY
-- 77230
-- 2021-11-9
-- 4
-- CCODEBUL1
-- BUL
-- 18.80
-- 2
-- 0
-- Y
-- BOOK
-- 2017-12-11
-- TEOLOGIA
-- P85
-- DONACION
-- .STAFF. Coleccio¿¿n Teolog©Ưa.
980 ## - EQUIVALENCIA O REFERENCIA-CRUZADA-MENCIÓN DE SERIE--NOMBRE DE PERSONA/TÍTULO [LOCAL, CANADÁ]
ID del último usuario que modificó el registro 1
Nombre del último usuario que modificó el registro ALBERTO SANCHEZ Responsable de Automatización
Existencias
Visto por última vez Número de inventario Total de préstamos Signatura topográfica completa Código de barras Copia número Coste, precio de reemplazo Fecha de reemplazo Facultad Tipo de ítem Koha Nota pública Estado de pérdida Fuente del sistema de clasificación o colocación Restricciones de uso No para préstamo Colección Programa académico Biblioteca de origen Biblioteca actual Ubicación en estantería Fecha de adquisición Fuente de adquisición Coste, precio normal de compra
2025-12-02 5   220.601 M2 77230 e1 23.80 2017-12-11   Libros físicos inventario-2023-12-13 No Perdido Clasificación Decimal Dewey No restringido Disponible para préstamos Colección General Maestría en teología Biblioteca CRAI UPeU Lima Biblioteca CRAI UPeU Lima Sala principal 2017-12-11 DONACION 18.80